书目信息 |
| 题名: |
建筑大师格兰·莫卡特谈话录
|
|
| 作者: | 尼科尔斯 著 ;杨鹏 译 | |
| 分册: | ||
| 出版信息: | 北京 中国建筑工业出版社 2012 |
|
| 页数: | 83页 | |
| 开本: | 15x24cm | |
| 丛书名: | ||
| 单 册: | ||
| 中图分类: | TU2 | |
| 科图分类: | ||
| 主题词: | 建筑设计--jian zhu she ji | |
| 电子资源: | ||
| ISBN: | 978-7-112-14505-8 | |
| 000 | 01134nam0 2200277 450 | |
| 001 | 0100004302 | |
| 005 | 20191028112310.33 | |
| 010 | @a978-7-112-14505-8@dCNY49.00 | |
| 100 | @a20121017d2012 em y0chiy0121 ea | |
| 101 | 1 | @achi@ceng |
| 102 | @aCN@b110000 | |
| 105 | @aab z 000yy | |
| 200 | 1 | @a建筑大师格兰·莫卡特谈话录@Ajian zhu da shi ge lan · mo ka te tan hua lu@e华盛顿大学建筑系大师班设计课@f(美) 吉姆·尼科尔斯编著@g杨鹏译 |
| 210 | @a北京@c中国建筑工业出版社@d2012 | |
| 215 | @a83页@c图 (部分彩图), 地图@d15x24cm | |
| 306 | @a由华盛顿大学出版社授权出版 | |
| 312 | @a英文题名取自版权页 | |
| 330 | @a本书收录的是华盛顿大学建筑系大师班的设计课,包括硕士生设计课大师班成果、大师班谈话录、短文等。 | |
| 500 | 10 | @aGlenn Murcutt : University of Washington master studios and lectures edited@mChinese |
| 517 | 1 | @a华盛顿大学建筑系大师班设计课@Ahua sheng dun da xue jian zhu xi da shi ban she ji ke |
| 606 | 0 | @a建筑设计@Ajian zhu she ji |
| 690 | @aTU2@v5 | |
| 701 | 1 | @a尼科尔斯@Ani ke er si@g(Nicholls, Jim)@4著 |
| 702 | 0 | @a杨鹏@Ayang peng@4译 |
| 801 | 0 | @aCN@c20150827 |
| 905 | @a河南城建学院图书馆@dTU2@eN440 | |
| 建筑大师格兰·莫卡特谈话录:华盛顿大学建筑系大师班设计课/(美) 吉姆·尼科尔斯编著/杨鹏译.-北京:中国建筑工业出版社,2012 |
| 83页:图 (部分彩图), 地图;15x24cm |
| ISBN 978-7-112-14505-8:CNY49.00 |
| 本书收录的是华盛顿大学建筑系大师班的设计课,包括硕士生设计课大师班成果、大师班谈话录、短文等。 |
| ● |
| 相关链接 |
|
|
|
正题名:建筑大师格兰·莫卡特谈话录
索取号:TU2/N440
 
预约/预借
| 序号 | 登录号 | 条形码 | 馆藏地/架位号 | 状态 | 备注 |
| 1 | 1177839 | 211778398 | 建筑库101/101建筑库 30排3列3层/ [索取号:TU2/N440] | 在馆 | |
| 2 | 1177840 | 211778405 | 建筑库101/101建筑库 30排3列3层/ [索取号:TU2/N440] | 在馆 | |
| 3 | 1177841 | 211778414 | 建筑库101/101建筑库 30排3列3层/ [索取号:TU2/N440] | 在馆 | |
| 4 | 1454458 | 214544581 | 建筑库101/101建筑库 30排3列3层/ [索取号:TU2/N440] | 在馆 | |
| 5 | 1454460 | 214544607 | 建筑库101/101建筑库 30排3列3层/ [索取号:TU2/N440] | 在馆 | |
| 6 | 1454461 | 214544616 | 建筑库101/101建筑库 30排3列3层/ [索取号:TU2/N440] | 在馆 | |
| 7 | 1454462 | 214544625 | 建筑库101/101建筑库 30排3列3层/ [索取号:TU2/N440] | 在馆 | |
| 8 | 1454463 | 214544634 | 建筑库101/101建筑库 30排3列3层/ [索取号:TU2/N440] | 在馆 | |
| 9 | 1454464 | 214544643 | 建筑库101/101建筑库 30排3列3层/ [索取号:TU2/N440] | 在馆 |